00545nas a2200193 4500001001000000003000900010005001700019007000300036008003400039040005400073041000900127072000800136100002000144245005200164650001800216650001200234650001600246773008900262BR4700059BR-BrBNA20231205081851.0ta230509b bl.|||p| |||| 00| 00por d aBR-BrBNAbporcBiblioteca Nacional de Agricultura a(Pt) aE151 aBelda Filho, J.1 aO patrimonio na sociedade cooperativa [Capital] aMicroeconomia aCapital aCooperativa0 tBoletim Sul-Coop. Cooperativismo (Brazil)xg(Apr 1947), v. 1(6) p. 18-20wBR4700059